000 00504nam a2200169 a 4500
001 000020620
005 20200930011134.0
008 100811s2017 dr a r 000 0 spa d
020 _a9789945088700
040 _aDO-SdBNP
_bspa
_cBNPHU
082 _axxxx
_bP438n
100 1 _aPérez Peña, Raúl
_943350
245 1 0 _aNombres de la memoria histórica dominicana /
_cRaúl Pérez Peña.
260 _aSanto Domingo :
_bBúho,
_c2017.
300 _a365 p. :
_bil. ;
_c23 cm.
590 _aIventariado, 2020/BT
999 _c20124
_d20124